De l'existencialisme áa Heidegger (Record no. 31263)

MARC details
000 -LEADER
campo de control de longitud fija 00892nam a2200265 i 4500
001 - NÚMERO DE CONTROL
campo de control 31263
003 - IDENTIFICADOR DE NÚMERO DE CONTROL
campo de control ES-MaACL
005 - FECHA Y HORA DE LA ÚLTIMA TRANSACCIÓN
campo de control 20230906154340.0
007 - CAMPO FIJO DE DESCRIPCIÓN FÍSICA--INFORMACIÓN GENERAL
campo de control de longitud fija t|
008 - DATOS DE LONGITUD FIJA--INFORMACIÓN GENERAL
campo de control de longitud fija 030128s1986 fr |||| | fre d
020 ## - NÚMERO INTERNACIONAL ESTÁNDAR DEL LIBRO
Número Internacional Estándar del Libro 2-7116-0927-8
100 1# - ENTRADA PRINCIPAL--NOMBRE DE PERSONA
Nombre de persona Beaufret, Jean.
9 (RLIN) 26814
245 10 - MENCIÓN DEL TÍTULO
Título De l'existencialisme áa Heidegger
Resto del título : introduction aux philosophies de l'existence et autres textes /
Mención de responsabilidad, etc. Jean Beaufret ; bibliographie complète établie par Guy Basset.
260 ## - PUBLICACIÓN, DISTRIBUCIÓN, ETC.
Lugar de publicación, distribución, etc. París :
Nombre del editor, distribuidor, etc. J. Vrin,
Fecha de publicación, distribución, etc. 1986.
300 ## - DESCRIPCIÓN FÍSICA
Extensión 182 p. ;
Dimensiones 22 cm.
490 1# - MENCIÓN DE SERIE
Mención de serie Problèmes et controverses
500 ## - NOTA GENERAL
Nota general Índice.
504 ## - NOTA DE BIBLIOGRAFÍA, ETC.
Nota de bibliografía, etc. Bibliografía.
600 14 - PUNTO DE ACCESO ADICIONAL DE MATERIA--NOMBRE DE PERSONA
Nombre de persona Heidegger, Martin-
Subdivisión general Crítica e interpretación.
9 (RLIN) 62339
650 04 - PUNTO DE ACCESO ADICIONAL DE MATERIA--TÉRMINO DE MATERIA
Término de materia o nombre geográfico como elemento de entrada Existencialismo.
9 (RLIN) 12679
700 1# - ENTRADA AGREGADA--NOMBRE PERSONAL
Nombre de persona Basset, Guy.
9 (RLIN) 26313
830 0# - PUNTO DE ACCESO ADICIONAL DE SERIE-TÍTULO UNIFORME
Título uniforme Problèmes et controverses
9 (RLIN) 177513
852 ## - LOCALIZACIÓN
Ubicación ES-MaACL
Número de control de estantería L-11545
Sublocalización o colección R.113408
Holdings
Estatus retirado Estado de pérdida Estado de daño No para préstamo Biblioteca de origen Biblioteca actual Ubicación en estantería Fecha de adquisición Fuente de adquisición Total de préstamos Signatura topográfica completa Código de barras Visto por última vez Precio de reemplazo Tipo de ítem Koha
        Biblioteca del Ateneo de Madrid Biblioteca del Ateneo de Madrid Depósito 2 17/01/2008     L-11545 1032297 23/02/2023 23/02/2023 Libro impreso